| 000 | 00377nam a2200109Ia 4500 | ||
|---|---|---|---|
| 008 | 220204s9999 xx 000 0 und d | ||
| 082 | _bHAR | ||
| 100 | _aHARPER, Jeff | ||
| 245 | 0 | _aRole of ion channel in programmed cell death: Report of short term overseas training programme, 13 February-12 May 2012, University of Nevada | |
| 260 |
_aUniversity of Nevada _c2012 |
||
| 942 | _cBK | ||
| 999 |
_c44525 _d44525 |
||